LEADER 01328nam a2200277 u 4500 001 000000027649 003 CaOOAMICUS 005 20070226111719.0 008 960123s1935 it u000 u lat u 035 $a10718927 040 $aPUL$bita 100 1 $aLaberge, Damasus,$cO.F.M.$0(OLS)http://pul/name/22588 245 10$aFr. Petri Ioannis Olivi, O.F.M. tria scripta sui ipsius apologetica :$bannorum 1283-1285. 260 $aFirenze :$bQuaracchi,$c1935. 300 $a154 p.; ;$c25 cm 500 $aExstractum ex periodico Archivum Franciscanum Historicum, XXVIII, fasc. I-IV, 1935.$aComprende indici. 504 $aBibliografia in nota a fondo pagina. 600 04$aOlivus, Petrus Ioannes,$cO.F.M.$0(OLS)http://pul/subject/15936 650 4$aApologetica$xAutori cattolici.$0(OLS)http://pul/subject/3141 650 4$aApologetica$xStoria$ySec. XIII.$0(OLS)http://pul/subject/15937 850 $aPUL 852 $aPUL$W1$xDP1 Fondo Maccarrone$y58$m1503 D 3$j38494$nBK-PRI$b $qFondi$B38494$CPULBib$Z2$F38494 $H $81 941 1 $a1 961 $aINV: 00952 -- Fondo Mons. M. Maccarrone 996 $6245$aFr. Petri Ioannis Olivi, O.F.M. tria scripta sui ipsius apologetica :$bannorum 1283-1285$9(OLS)http://pul/title/37802 996 $6260$aFirenze :$bQuaracchi$9(OLS)http://pul/publisher/50365 LEADER 00833naa a2200193 u 4500 001 000000095326 003 CaOOAMICUS 005 20070226130142.0 008 040625s1978 it u000 u ita u 035 $a11001967 040 $aIAR$bita 100 1 $aParatore, Ettore,$d1907-2000.$0(OLS)http://pul/name/16842 245 10$aFunzione e significato della figura di S. Bermardo /$cPiero Zerbi. 260 $aRoma :$bMultigrafica,$c1978. 300 $aS. 249-255, :$bill., ;$c28 cm 773 0 $aI Cistercensi e il Lazio. 773 0 $tI Cistercensi e il Lazio : atti delle giornate di studio dell'Istituto di Storia dell'Arte dell'Università di Roma, 17-21 maggio, 1977$w()5020 996 $6245$aFunzione e significato della figura di S. Bermardo$9(OLS)http://pul/title/122200 996 $6260$aRoma :$bMultigrafica$9(OLS)http://pul/publisher/49684